Southville International School and Colleges
Your cart is empty.
  • Cart
  • Lists
    Public lists Eva Luna New books Lux_list list_1
    Your lists Log in to create your own lists
  • Log in to your account
  • Your cookies
  • Search history
Southville International School and Colleges
  • Advanced search
  • Recent comments
  • Most popular
  • Libraries

Log in to your account

Log in with GOOGLE


If you do not have an external account, but do have a local account, you can still log in:

  1. Home
  2. MARC view: Open your heart with reading :
Normal view MARC view ISBD view

Open your heart with reading : (Record no. 339888)

[ view plain ]
MARC details
000 -LEADER
fixed length control field 00649nam a2200253Ia 4500
008 - FIXED-LENGTH DATA ELEMENTS--GENERAL INFORMATION
fixed length control field 170711s9999 xx 000 0 und d
020 ## - INTERNATIONAL STANDARD BOOK NUMBER
International Standard Book Number 9781601660114
050 ## - LIBRARY OF CONGRESS CALL NUMBER
Classification number 28.9
050 ## - LIBRARY OF CONGRESS CALL NUMBER
Item number C425 2008
100 ## - MAIN ENTRY--PERSONAL NAME
Personal name Cezanne, Jeannette
245 ## - TITLE STATEMENT
Title Open your heart with reading :
245 ## - TITLE STATEMENT
Remainder of title mastering life through love of books /
245 ## - TITLE STATEMENT
Statement of responsibility, etc Jeannette Cezanne.
260 ## - PUBLICATION, DISTRIBUTION, ETC. (IMPRINT)
Place of publication, distribution, etc USA :
260 ## - PUBLICATION, DISTRIBUTION, ETC. (IMPRINT)
Name of publisher, distributor, etc Dream Time,
260 ## - PUBLICATION, DISTRIBUTION, ETC. (IMPRINT)
Date of publication, distribution, etc 2008
300 ## - PHYSICAL DESCRIPTION
Extent xviii, 185 pages :
300 ## - PHYSICAL DESCRIPTION
Other physical details illustrations ;
300 ## - PHYSICAL DESCRIPTION
Dimensions 21cm.
500 ## - GENERAL NOTE
General note Includes index.
650 ## - SUBJECT ADDED ENTRY--TOPICAL TERM
Topical term or geographic name as entry element Booksand reading --
650 ## - SUBJECT ADDED ENTRY--TOPICAL TERM
General subdivision Psychological aspects.
700 ## - ADDED ENTRY--PERSONAL NAME
Personal name Title.

No items available.

Open your heart with reading :

APA

Cezanne J., Title, .Open your heart with reading. USA: .

Chicago

Cezanne Jeannette, Title, .Open your heart with reading. USA: .

Harvard

Cezanne J., Title, .Open your heart with reading. USA: .

MLA

Cezanne Jeannette, Title, .USA: . .

  • Print
  • Cite
  • Add to your cart (remove)
  • Save record
    BIBTEX Dublin Core MARCXML MARC (non-Unicode/MARC-8) MARC (Unicode/UTF-8) MARC (Unicode/UTF-8, Standard) MODS (XML) RIS
  • More searches
    Search for this title in:
    Other Libraries (WorldCat) Other Databases (Google Scholar) Online Stores (Bookfinder.com) Open Library (openlibrary.org)

Exporting to Dublin Core...

SOUTHVILLE LIBRARY

Southville International School and Colleges Library

1281 Tropical Ave. Cor. Luxembourg St., BF Homes International, Las Pinas City

Tel. No. 8256374 / 252358 Loc. 117/146

Powered by Koha